000
00289nam a2200121Ia 4500
008
190216s9999||||xx |||||||||||||| ||und||
100
_a
Brig J P Dalvi
245
0
_a
Himalayan Blunder
260
_b
Orient Paper Back
_c
1962
300
_a
418p
650
_a
General Collections
942
_c
BK
999
_c
12342
_d
12342